000 01926nam a2200337 a 4500
001 2939
003 BD-DhEWU
005 20230810025445.0
008 170726s2014 enk g 001 0 eng d
010 _a 2014004976
020 _a9781107063754 (Hardback)
020 _a9781107657212 (Paperback)
035 _a(OCLC)949805567
040 _aDLC
_beng
_cDLC
_erda
_dDLC
_dBD-DhEWU
041 _aeng
050 0 0 _aK3240
_b.S38 2014
082 0 0 _a341.48
_223
_bSCI 2014
100 1 _aSchutter, Olivier De,
_95429
245 1 0 _aInternational human rights law :
_bcases, materials, commentary /
_cOlivier De Schutter.
250 _aSecond edition.
260 _aCambridge :
_bCambridge University Press,
_c2014.
300 _alxx, 1052 pages ;
_c26 cm
500 _aIncludes index.
505 0 _tTOC
_aThe emergence of international human rights -- State responsibility and 'jurisdiction' -- The typology of States' obligations and the obligation to respect human rights -- The application of human rights in private relationships and the obligation to protect -- The progressive realization of human rights and the obligation to fulfil -- Derogations in time of public emergency -- The prohibition of discrimination -- Ensuring compliance with international human rights law : the role of national authorities -- The United Nations human rights treaties system -- The United Nations charter-based monitoring of human rights -- Regional mechanisms of protection.
520 _aThis fully updated edition offers coverage of new topics and a more student-friendly design, while retaining the original style and features.
526 _alaw
650 0 _aHuman rights.
_95430
650 0 _aInternational law and human rights.
_95431
655 7 _aCasebooks
_2lcgft
_95432
856 4 2 _3WorldCat details
_uhttps://www.worldcat.org/title/international-human-rights-law-cases-materials-commentary/oclc/949805567&referer=brief_results
999 _c7076
_d7076